| 000 | 01527cam a22002535 4500 | ||
|---|---|---|---|
| 001 | L135675 | ||
| 008 | 090203s2009 xxkad f 001 0 eng u | ||
| 020 | _a9781405147095 | ||
| 035 | _a(Sirsi) u135675 | ||
| 050 | 0 | 4 | _a690.068 $2 22 |
| 100 | _aBartholomew, David | ||
| 245 |
_aBuilding on knowledge _bdeveloping expertise, creativity and intellectual capital in the construction professions _h[electronic resource] |
||
| 260 |
_aOxford _bBlackwell _c2009 |
||
| 300 | _aeBook | ||
| 350 | _a49.50 | ||
| 505 | 2 | _aPart one: foundations -- Part two: tools and techniques -- Part three: knowledge management in practice -- Epilogue -- Where next for knowledge management? -- Further reading -- Index | |
| 520 | _aProvides guidance on knowledge management for construction professionals and design practices. Discusses how to develop and implement a knowledge management strategy with techniques based on people and the company culture. Describes the principles of knowledge management and what is necessary for them to work. Presents the processes and IT tools useful to professional services organisations. Develops several case studies, practical experiences of companies to develop and improve their knowledge management. | ||
| 521 | _aAdvanced | ||
| 650 | 2 | 4 | _aEBOOK |
| 651 | 4 |
_aEngland and Wales _y1543- |
|
| 690 | _aMANAGEMENT-BUSINESS MANAGEMENT-INFORMATION MANAGEMENT-KNOWLEDGE MANAGEMENT | ||
| 856 | 4 | 8 |
_uhttps://www.vlebooks.com/ _zView on VLEbooks. Logins for members only from [email protected] |
| 942 | _n0 | ||
| 999 |
_c106144 _d106144 |
||